[Event "NRW Class1 0405"]
[Site "Germany"]
[Date "2004.11.21"]
[Round "3.1"]
[White "Berkvens, Joost"]
[Black "Hillenbrand, Michael"]
[Result "1-0"]
[WhiteElo "2453"]
[BlackElo "2189"]
[PlyCount "76"]
[EventDate "2004.10.10"]
[EventType "team"]
[EventRounds "9"]
[EventCountry "GER"]
[SourceTitle "EXT 2006"]
[Source "ChessBase"]
[SourceDate "2005.11.24"]
[SourceVersion "1"]
[SourceVersionDate "2005.11.24"]
[SourceQuality "1"]
[WhiteTeam "Koeln Brueck"]
[BlackTeam "Essen Borbeck"]
[WhiteTeamCountry "GER"]
[BlackTeamCountry "GER"]

1. d4 g6 2. c4 Bg7 3. Nf3 d6 4. Nc3 c6 5. g3 Bg4 6. Bg2 Nd7 7. Ng5 Qb6 8. h3 h6 9. c5 dxc5 10. dxc5 Nxc5 11. Nxf7 Kxf7 12. hxg4 Nf6 13. Bf3 e5 14. Qc2 Rhe8 15. Be3 e4 16. Bxe4 Nfxe4 17. Nxe4 Rxe4 18. Bxc5 Qxb2 19. Qxb2 Bxb2 20. Rd1 b6 21. f3 Re6 22. Bd4 Bxd4 23. Rxd4 g5 24. e4 Ke7 25. Ke2 c5 26. Rd5 Rd8 27. Rxd8 Kxd8 28. Ke3 Ke7 29. f4 b5 30. e5 gxf4+ 31. gxf4 Rg6 32. Rh4 c4 33. Kd4 Ra6 34. g5 hxg5 35. Rh7+ Kf8 36. f5 Rxa2 37. e6 Rf2 38. Ke5 c3 1-0

[Event "NRW Class1 0405"]
[Site "Germany"]
[Date "2004.10.10"]
[Round "1.1"]
[White "Berkvens, Joost"]
[Black "Antoniewski, Rafal"]
[Result "0-1"]
[WhiteElo "2453"]
[BlackElo "2480"]
[PlyCount "52"]
[EventDate "2004.10.10"]
[EventType "team"]
[EventRounds "9"]
[EventCountry "GER"]
[SourceTitle "EXT 2006"]
[Source "ChessBase"]
[SourceDate "2005.11.24"]
[SourceVersion "1"]
[SourceVersionDate "2005.11.24"]
[SourceQuality "1"]
[WhiteTeam "Koeln Brueck"]
[BlackTeam "Werther"]
[WhiteTeamCountry "GER"]
[BlackTeamCountry "GER"]

1. d4 d5 2. c4 dxc4 3. Nf3 Nf6 4. e3 e6 5. Bxc4 c5 6. 0-0 a6 7. a4 Nc6 8. Qe2 Qc7 9. Rd1 Bd6 10. Nc3 0-0 11. h3 b6 12. dxc5 Bxc5 13. e4 Nh5 14. e5 Ng3 15. Qe1 Nb4 16. Bf4 Nh5 17. Bh2 Nc2 18. Qe2 Nxa1 19. g4 Bb7 20. Ng5 Qc6 21. Qe4 Qxe4 22. Ngxe4 Nc2 23. gxh5 Rfd8 24. Nd6 Bf3 25. Rd2 Nd4 26. b4 Bc6 0-1

[Event "NED-chT 0304"]
[Site "Netherlands"]
[Date "2004.05.15"]
[Round "9.1"]
[White "Berkvens, Joost"]
[Black "Tjiam, Dharma"]
[Result "1-0"]
[WhiteElo "2456"]
[BlackElo "2324"]
[PlyCount "49"]
[EventDate "2003.09.27"]
[EventType "team-tourn"]
[EventRounds "9"]
[EventCountry "NED"]
[SourceTitle "EXT 2014"]
[Source "ChessBase"]
[SourceDate "2013.11.20"]
[SourceVersion "1"]
[SourceVersionDate "2013.11.20"]
[SourceQuality "1"]
[WhiteTeam "Utrecht"]
[BlackTeam "Nijmegen"]
[WhiteTeamCountry "NED"]
[BlackTeamCountry "NED"]

1. d4 Nf6 2. c4 e6 3. Nc3 d5 4. cxd5 exd5 5. Bg5 Be7 6. e3 0-0 7. Bd3 c6 8. Nf3 Ne4 9. h4 f5 10. Qc2 b5 11. Ne5 Bxg5 12. hxg5 Qxg5 13. Nxe4 fxe4 14. Bxe4 g6 15. Qb3 Be6 16. Rc1 Qf6 17. Bf3 Rc8 18. Bxd5 Bxd5 19. Qxd5+ cxd5 20. Rxc8+ Kg7 21. Rc7+ Kg8 22. Rhxh7 Nc6 23. Ng4 Qg5 24. Nh6+ Kf8 25. Rh8# 1-0

[Event "NED-chT 0304"]
[Site "Netherlands"]
[Date "2004.01.31"]
[Round "5.3"]
[White "Berkvens, Joost"]
[Black "Wiersma, Eelke"]
[Result "1-0"]
[WhiteElo "2456"]
[BlackElo "2399"]
[PlyCount "57"]
[EventDate "2003.09.27"]
[EventType "team-tourn"]
[EventRounds "9"]
[EventCountry "NED"]
[SourceTitle "EXT 2014"]
[Source "ChessBase"]
[SourceDate "2013.11.20"]
[SourceVersion "1"]
[SourceVersionDate "2013.11.20"]
[SourceQuality "1"]
[WhiteTeam "Utrecht"]
[BlackTeam "Amstelveen"]
[WhiteTeamCountry "NED"]
[BlackTeamCountry "NED"]

1. d4 d5 2. c4 e6 3. Nc3 c5 4. cxd5 exd5 5. Nf3 Nc6 6. g3 Nf6 7. Bg2 Be7 8. 0-0 0-0 9. Bg5 cxd4 10. Nxd4 h6 11. Bf4 Bg4 12. h3 Bd7 13. Ndb5 a6 14. Nc7 d4 15. Nxa8 dxc3 16. Nc7 cxb2 17. Rb1 g5 18. Bd6 Bf5 19. Bxe7 Qxe7 20. e4 Rd8 21. Qb3 Nxe4 22. Qxb7 Na5 23. Qxa6 Qxc7 24. Rxb2 Nc4 25. Rb7 Qc8 26. Rc1 Qc5 27. Qa7 Qd5 28. Rb8 Ncd2 29. Rc5 1-0

[Event "BL2-West 0304"]
[Site "Germany"]
[Date "2004.??.??"]
[Round "?.1"]
[White "Berkvens, Joost"]
[Black "Zaitsev, Mikhail"]
[Result "1-0"]
[WhiteElo "2455"]
[BlackElo "2455"]
[PlyCount "93"]
[EventDate "2003.12.14"]
[EventType "team-tourn"]
[EventRounds "9"]
[EventCountry "GER"]
[SourceTitle "CBM 100 Extra"]
[Source "ChessBase"]
[SourceDate "2004.07.06"]
[SourceVersion "2"]
[SourceVersionDate "2004.07.06"]
[SourceQuality "1"]
[WhiteTeam "Heiligenhaus"]
[BlackTeam "Bergheim"]
[WhiteTeamCountry "GER"]
[BlackTeamCountry "GER"]

1. d4 d5 2. c4 c5 3. cxd5 Nf6 4. e4 Nxe4 5. dxc5 Nxc5 6. Nc3 e5 7. Nf3 Bd6 8. Be2 0-0 9. 0-0 Bf5 10. Be3 Nbd7 11. Nb5 Nf6 12. Rc1 b6 13. b4 Nb7 14. Qb3 Qe7 15. Nd2 h6 16. a3 Bd7 17. h3 Ne8 18. Rfe1 Bb8 19. Bf1 Nbd6 20. Nc3 Qh4 21. Ba6 Bc7 22. Nf3 Qf6 23. Bd2 Bxh3 24. Nxe5 Nf5 25. Ne4 Qxe5 26. Qxh3 Nfd6 27. Nc3 Qf6 28. Bd3 Bd8 29. Qg3 Qh4 30. Bf4 Qxg3 31. Bxg3 Bg5 32. Rc2 Rd8 33. Nb5 Nxb5 34. Bxb5 Nd6 35. Bc6 b5 36. Rd1 Bf6 37. Bf4 Nf5 38. Rcd2 Nd6 39. Be3 Nc4 40. Bxa7 Nxd2 41. Rxd2 Rc8 42. Bc5 Rxc6 43. dxc6 Rc8 44. a4 bxa4 45. b5 Be5 46. Bd6 Bc3 47. Ra2 1-0

[Event "Zug Young Masters"]
[Site "Zug"]
[Date "2003.10.10"]
[Round "4"]
[White "Berkvens, Joost"]
[Black "Szelag, Marcin"]
[Result "1/2-1/2"]
[WhiteElo "2450"]
[BlackElo "2390"]
[PlyCount "122"]
[EventDate "2003.10.07"]
[EventType "tourn"]
[EventRounds "11"]
[EventCountry "SUI"]
[EventCategory "5"]
[SourceTitle "CBM 096 Extra"]
[Source "ChessBase"]
[SourceDate "2003.10.22"]
[SourceVersion "2"]
[SourceVersionDate "2003.10.20"]
[SourceQuality "1"]

1. d4 Nf6 2. c4 g6 3. Nc3 Bg7 4. e4 d6 5. Nf3 0-0 6. Be2 e5 7. 0-0 Nc6 8. d5 Ne7 9. Ne1 Nd7 10. Be3 f5 11. f3 f4 12. Bf2 g5 13. Rc1 Ng6 14. c5 Nxc5 15. b4 Na6 16. Nd3 Rf7 17. Nb5 Bd7 18. a4 Qb8 19. Qb3 c6 20. Nc3 Nc7 21. Nb2 cxd5 22. Nxd5 Be6 23. Bc4 Nxd5 24. Bxd5 Bxd5 25. Qxd5 Bf8 26. Nc4 Kg7 27. Rfd1 Rf6 28. Na5 Rf7 29. Qe6 Rf6 30. Qg4 h6 31. h4 gxh4 32. Bxh4 Rf7 33. Bf2 Qe8 34. Nc4 Rd8 35. b5 a6 36. Bb6 Rdd7 37. Rd5 axb5 38. axb5 Kh7 39. Rcd1 Rg7 40. Qf5 Rdf7 41. Qh5 Rf6 42. Qh3 Be7 43. Ra1 Qg8 44. Bf2 Nf8 45. Ra8 Rfg6 46. g4 fxg3 47. Be3 g2 48. Rb8 Qf7 49. Qf5 Qxf5 50. exf5 Rg3 51. Rd2 Rxf3 52. Rxg2 d5 53. Rxb7 dxc4 54. Rxg7+ Kxg7 55. Rxe7+ Kf6 56. Bc5 c3 57. Rc7 Nd7 58. Rxd7 c2 59. Be7+ Kxf5 60. Rc7 Rb3 61. Rxc2 Rxb5 1/2-1/2

[Event "Zug Young Masters"]
[Site "Zug"]
[Date "2003.10.09"]
[Round "3"]
[White "Moor, Olivier"]
[Black "Berkvens, Joost"]
[Result "0-1"]
[WhiteElo "2352"]
[BlackElo "2450"]
[PlyCount "64"]
[EventDate "2003.10.07"]
[EventType "tourn"]
[EventRounds "11"]
[EventCountry "SUI"]
[EventCategory "5"]
[SourceTitle "CBM 096 Extra"]
[Source "ChessBase"]
[SourceDate "2003.10.22"]
[SourceVersion "2"]
[SourceVersionDate "2003.10.20"]
[SourceQuality "1"]

1. d4 Nf6 2. c4 e6 3. Nc3 Bb4 4. e3 0-0 5. Nge2 d5 6. a3 Bd6 7. Ng3 b6 8. cxd5 exd5 9. b4 Re8 10. Bd3 c5 11. bxc5 bxc5 12. 0-0 c4 13. Bb1 Nc6 14. Qc2 g6 15. f3 Rb8 16. Qf2 Bc7 17. Kh1 Na5 18. Ra2 Nb3 19. Bb2 Qe7 20. Nd1 Ba6 21. Rg1 Rb6 22. Bc2 Re6 23. Bc3 Bd6 24. a4 Nc1 25. Ra1 Nd3 26. Bxd3 cxd3 27. Bd2 Rc8 28. Nc3 Bb4 29. Rgc1 Rec6 30. Qe1 Qc7 31. Nxd5 Nxd5 32. Rxc6 Qxc6 0-1

[Event "Zug Young Masters"]
[Site "Zug"]
[Date "2003.10.07"]
[Round "1"]
[White "Berkvens, Joost"]
[Black "Allemann, Anton"]
[Result "1/2-1/2"]
[WhiteElo "2450"]
[BlackElo "2271"]
[PlyCount "67"]
[EventDate "2003.10.07"]
[EventType "tourn"]
[EventRounds "11"]
[EventCountry "SUI"]
[EventCategory "5"]
[SourceTitle "CBM 096 Extra"]
[Source "ChessBase"]
[SourceDate "2003.10.22"]
[SourceVersion "2"]
[SourceVersionDate "2003.10.20"]
[SourceQuality "1"]

1. d4 Nf6 2. c4 c5 3. d5 e6 4. Nc3 exd5 5. cxd5 d6 6. e4 g6 7. f4 Bg7 8. Bb5+ Nfd7 9. a4 0-0 10. Nf3 Na6 11. 0-0 Nb4 12. Re1 a6 13. Bf1 Re8 14. h3 f5 15. exf5 Rxe1 16. Nxe1 gxf5 17. Nc2 Nf6 18. Be3 Qe7 19. Bf2 Ne4 20. Nxe4 Qxe4 21. Nxb4 Qxb4 22. Qe2 Qe4 23. Qh5 Bd7 24. Re1 Qxd5 25. Re7 Be6 26. Be2 Rf8 27. Bf3 Qc4 28. Bxb7 Qc1+ 29. Kh2 Qxb2 30. Bh4 Bc4 31. Qd1 Qd4 32. Qf3 Bf7 33. a5 Qc3 34. Be1 1/2-1/2